Представление документа в формате RUSMARC

ПолеНазваниеЗначение
  Тип записи a
  Библиографический уровень m
001 Контрольный номер ad76e50d3c544e619b19213de001dc14
005 Дата корректировки 20140616094704.7
010 Индекс ISBN __
a ISBN 5-98032-032-6
200 Заглавие и сведения об ответственности 1_
a Заглавие Трудовое право. В вопросах и ответах
e Сведения, относящиеся к заглавию учеб. пособие
f Первые сведения об ответственности М. О. Буянова
210 Выходные данные 1_
c Издательство Проспект
a Место издания М.
d Дата издания 2005
215 Физическое описание __
a Объем 173, [6] с.
610 Ключевые слова 0_
a Ключевые слова трудовое законодательство
610 Ключевые слова 0_
a Ключевые слова трудовое право
610 Ключевые слова 0_
a Ключевые слова источники трудового права
610 Ключевые слова 0_
a Ключевые слова субъекты трудового права
610 Ключевые слова 0_
a Ключевые слова социальное партнерство
610 Ключевые слова 0_
a Ключевые слова гарантии занятости
610 Ключевые слова 0_
a Ключевые слова трудовой договор
610 Ключевые слова 0_
a Ключевые слова рабочее время
610 Ключевые слова 0_
a Ключевые слова время отдыха
610 Ключевые слова 0_
a Ключевые слова оплата труда
610 Ключевые слова 0_
a Ключевые слова нормирование труда
610 Ключевые слова 0_
a Ключевые слова дисциплина труда
610 Ключевые слова 0_
a Ключевые слова охрана труда
610 Ключевые слова 0_
a Ключевые слова трудовые споры
610 Ключевые слова 0_
a Ключевые слова МОТ
610 Ключевые слова 0_
a Ключевые слова международно-правовое регулирование труда
610 Ключевые слова 0_
a Ключевые слова учебное пособие
686 Индексы других классификаций __
a Классификационный индекс 67.627
2 Код системы rubbk
700 Автор _1
a Фамилия Буянова
b Имя М. О.
g Полное личное имя Мария Олеговна
801 Источник записи _0
a Страна RU
b Организация РУК
c Дата составления 20080306
g Правила каталогизации PSBO
801 Источник записи _1
a Страна RU
b Организация РУК
c Дата составления 20080306
g Правила каталогизации PSBO
852 Данные о местонахождении __
i Авторский знак Б 94
j Шифр хранения ББК 67
901 Тип документа __
t Тип документа m
938 Служебная информация __
a Название организации Головной вуз
b Имя БД BOOK
c Название АИБС АИБС ИРБИС